000 00614nam a2200181Ia 4500
005 20250507130159.0
008 008 250505s9999 xx 000 0 eng d
037 _aSeries Article
040 _aEASL
_beng
_cEASL
041 _aeng
_2eng
084 _qEASL
245 0 _aPeople's justice and injustice : Courts and the redressing of cultural revolution cases Sue Trevaskes
260 _aNetherland
_bRA Leiden Documentation and Research Center for Contemporary China The Netherlands
_c2002
300 _a1-26
650 _aPolitics Law and Society
942 _cSRA
999 _c1318159
_d1318159